000 00826nam a22001935i 4500
001 154624
003 ES-MaACL
005 20230906205811.0
008 040714s1900 sp |||| | spa d
040 _aCAM
_bspa
_cCAM
100 1 _aGonzález Tánago y García, Manuel.
_958978
245 1 0 _aSobre la fosfaturia como neurosis secretora del riñón /
_cpor M. González Tánago y García.
260 _aMadrid :
_b[s.n.],
_c1900 (
_fEstablecimiento tipográfico de E. Teodoro)
300 _a27 p. ;
_c21 cm.
595 _aExtraído de El Siglo Médico.
650 0 4 _aRiñones-
_xEnfermedades.
_916914
852 _aES-MaACL
_jT-150 bis-F-1
_z-- Enc. hol., conservando la cub. original
_z-- Enc. en un vol. facticio
852 _aES-MaACL
_jT-1006-F-9
_z-- Enc. hol., conservando la cub. original
_z-- Enc. en un vol. facticio
999 _c154624
_d154624